00489cam a2200193ua 450000500170000000800390001702000150005604000180007104100080008908200130009710000260011024500360013625000090017226000430018130000240022465000140024865300140026265300190027620201204112044.0110712n ii |||frmmmmZ001|0|eng a812720191X cMAINaIN-DiNC deng a336bLEK1 aLekhi, R. K.,eauthor1 aPublic finance/cby R. K. Lekhi a9th. aNew Delhi:bKalyani Publishers,c2001. a1028p:bill;c25cm. aEconomics aEconomics aPublic finance